000 00769nam a2200229Ia 4500
003 OSt
005 20220923221854.0
006 a|||||r|||| 00| 0
007 ta
008 220922b |||||||| |||| 00| 0 hin d
024 _a200,711
037 _cTextual
040 _aARTS
_cARTS
_bhin
041 _2hin
_ahin
082 _aV2:5:F, 152H5
100 _aओळा, गोरीशंकर हीराचन्द
245 0 _aमध्यकालीन भारतीय संस्कृति 6 12 ई तक
246 _aMadhyakālīn bhāratīya sanskṛuti 600 . 1200 ī taka
260 _c2003
942 _hV2:5:F, 152H5
_cTEXL
_2CC
999 _c352383
_d352383